Revaluation ; Tradition & Development in English Poetry /
שמור ב:
| מחבר ראשי: | |
|---|---|
| פורמט: | Sách giấy |
| שפה: | English |
| יצא לאור: |
New York :
W. W. Norton & Co.,
1947.
|
| תגים: |
הוספת תג
אין תגיות, היה/י הראשונ/ה לתייג את הרשומה!
|
| Thư viện lưu trữ: | Thư viện Trường Đại học Đà Lạt |
|---|
| LEADER | 00633nam a2200265 4500 | ||
|---|---|---|---|
| 001 | DLU100108997 | ||
| 005 | ##2010069 | ||
| 040 | # | # | |a DLU |b vie |
| 041 | # | # | |a eng |
| 044 | # | # | |a us |
| 082 | # | # | |a 821 |b LE-F |
| 100 | # | # | |a Leavis, F. R. |
| 245 | # | # | |a Revaluation ; |b Tradition & Development in English Poetry / |c F. R. Leavis. |
| 260 | # | # | |a New York : |b W. W. Norton & Co., |c 1947. |
| 300 | # | # | |a viii, 192 p. ; |c 20 cm. |
| 923 | # | # | |a 100/2010 |
| 992 | # | # | |a 0 |
| 994 | # | # | |a DLU |
| 900 | # | # | |a True |
| 911 | # | # | |a Lý Thị Hồng Hạnh |
| 925 | # | # | |a G |
| 926 | # | # | |a A |
| 927 | # | # | |a SH |
| 980 | # | # | |a Thư viện Trường Đại học Đà Lạt |